| 000 | 00395nam a22001577a 4500 | ||
|---|---|---|---|
| 003 | OSt | ||
| 005 | 20230316132922.0 | ||
| 008 | 230316b |||||||| |||| 00| 0 eng d | ||
| 040 | _cMacl | ||
| 050 | _a500/TRI | ||
| 100 |
_aTrivedi,Dr. Priya Ranjan _975477 |
||
| 245 |
_aRenewable Energy _henglish |
||
| 260 |
_aNew delhi _bJnanada Prakashan _c2018 |
||
| 650 |
_a500/TRI _981841 |
||
| 942 |
_2ddc _cBK |
||
| 999 |
_c66018 _d66018 |
||